[Event "2 Bundesliga Mitte 2007/2008"]
[Site "Villach"]
[Date "2007.10.13"]
[Round "1"]
[Board "1"]
[White "Kreisl, Robert"]
[Black "Kovacevic, Blazimir"]
[Result "1/2-1/2"]
[WhiteElo "2333"]
[BlackElo "2482"]
[PlyCount "45"]
[EventDate "2007.10.13"]
[EventType "team"]
[EventRounds "11"]
[EventCountry "AUT"]
[WhiteTeam "Kl Zeitung MPOe Maria Saal"]
[BlackTeam "SpG Raika Alpine Trofaiach"]

1.e4 e6 2.d4 d5 3.Nc3 Bb4 4.e5 c5 5.a3 Bxc3+ 6.bxc3 Qa5 7.Bd2 Qa4 8.Qg4 Kf8
9.Qd1 b6 10.c4 Ba6 11.dxc5 bxc5 12.c3 Qxd1+ 13.Rxd1 Nd7 14.Nf3 Nb6 15.cxd5 Bxf1
16.Rxf1 exd5 17.Be3 Rc8 18.Rb1 Ne7 19.Rb5 Nd7 20.Rb7 Ke8 21.Ke2 a6 22.Rd1 Rc6
23.Kf1

[Event "2 Bundesliga Mitte 2007/2008"]
[Site "Villach"]
[Date "2007.10.13"]
[Round "1"]
[Board "2"]
[White "Stuhlik, Marko"]
[Black "Schachinger, Mario"]
[Result "0-1"]
[WhiteElo "2252"]
[BlackElo "2278"]
[PlyCount "34"]
[EventDate "2007.10.13"]
[EventType "team"]
[EventRounds "11"]
[EventCountry "AUT"]
[WhiteTeam "SpG Raika Alpine Trofaiach"]
[BlackTeam "Kl Zeitung MPOe Maria Saal"]

1.c4 c6 2.Nc3 d5 3.e3 Nf6 4.Nf3 e6 5.d4 Nbd7 6.a3 Bd6 7.cxd5 exd5 8.Bd3 O-O
9.Qc2 Re8 10.Bd2 Qe7 11.Ng5 h6 12.Nf3 Ne4 13.O-O Ndf6 14.h3 Bf5 15.Rfe1 Qe6
16.Nxe4 dxe4 17.Bc4 exf3

[Event "2 Bundesliga Mitte 2007/2008"]
[Site "Villach"]
[Date "2007.10.13"]
[Round "1"]
[Board "3"]
[White "Ertl, Johann"]
[Black "Mitter, Gerd"]
[Result "1/2-1/2"]
[WhiteElo "2234"]
[BlackElo "2185"]
[PlyCount "35"]
[EventDate "2007.10.13"]
[EventType "team"]
[EventRounds "11"]
[EventCountry "AUT"]
[WhiteTeam "Kl Zeitung MPOe Maria Saal"]
[BlackTeam "SpG Raika Alpine Trofaiach"]

1.e4 c5 2.Nf3 Nc6 3.d4 cxd4 4.Nxd4 Nf6 5.Nc3 d6 6.Bg5 e6 7.Qd2 a6 8.O-O-O Be7
9.Nb3 b5 10.Bxf6 gxf6 11.f4 Bb7 12.g3 Rc8 13.Kb1 Na5 14.Nxa5 Qxa5 15.Bg2 b4
16.Ne2 f5 17.Rhe1 Qc5 18.Nd4

[Event "2 Bundesliga Mitte 2007/2008"]
[Site "Villach"]
[Date "2007.10.13"]
[Round "1"]
[Board "4"]
[White "Spirk, Stefan"]
[Black "Reschun, Sascha"]
[Result "1/2-1/2"]
[WhiteElo "2130"]
[BlackElo "2272"]
[PlyCount "41"]
[EventDate "2007.10.13"]
[EventType "team"]
[EventRounds "11"]
[EventCountry "AUT"]
[WhiteTeam "SpG Raika Alpine Trofaiach"]
[BlackTeam "Kl Zeitung MPOe Maria Saal"]

1.c4 c5 2.Nf3 Nc6 3.Nc3 g6 4.d4 cxd4 5.Nxd4 Bg7 6.Nxc6 bxc6 7.Bd2 Nf6 8.e4 O-O
9.Be2 d5 10.cxd5 cxd5 11.exd5 Nxd5 12.Rc1 Rb8 13.b3 Bb7 14.O-O e6 15.Nxd5 Bxd5
16.Bc3 Bxc3 17.Rxc3 Qf6 18.Qc1 a5 19.Bf3 Rfd8 20.Bxd5 Rxd5 21.Rf3

[Event "2 Bundesliga Mitte 2007/2008"]
[Site "Villach"]
[Date "2007.10.13"]
[Round "1"]
[Board "5"]
[White "Halvax, Georg"]
[Black "Soelkner, Karl"]
[Result "1-0"]
[WhiteElo "2059"]
[BlackElo "2068"]
[PlyCount "59"]
[EventDate "2007.10.13"]
[EventType "team"]
[EventRounds "11"]
[EventCountry "AUT"]
[WhiteTeam "Kl Zeitung MPOe Maria Saal"]
[BlackTeam "SpG Raika Alpine Trofaiach"]

1.e4 c5 2.Nf3 d6 3.d4 cxd4 4.Nxd4 Nf6 5.Nc3 a6 6.Be3 Nc6 7.f3 e6 8.Qd2 Qc7
9.O-O-O Be7 10.g4 O-O 11.h4 b5 12.g5 Nd7 13.h5 Nxd4 14.Bxd4 b4 15.Nb1 Ne5 16.Qg2
f6 17.f4 Nc6 18.gxf6 Bxf6 19.Bxf6 Rxf6 20.e5 dxe5 21.fxe5 Rh6 22.Qg5 Qe7 23.Qxe7
Nxe7 24.Rd8+ Kf7 25.Bg2 Rb8 26.Nd2 Nf5 27.Bc6 Ke7 28.Re8+ Kf7 29.Ne4 Bb7 30.Ng5#

[Event "2 Bundesliga Mitte 2007/2008"]
[Site "Villach"]
[Date "2007.10.13"]
[Round "1"]
[Board "6"]
[White "Ebner, Markus"]
[Black "Steiner, Josef"]
[Result "0-1"]
[WhiteElo "2054"]
[BlackElo "2112"]
[PlyCount "74"]
[EventDate "2007.10.13"]
[EventType "team"]
[EventRounds "11"]
[EventCountry "AUT"]
[WhiteTeam "SpG Raika Alpine Trofaiach"]
[BlackTeam "Kl Zeitung MPOe Maria Saal"]

1.Nf3 Nf6 2.g3 b6 3.Bg2 Bb7 4.O-O c5 5.c4 g6 6.d3 Bg7 7.e4 O-O 8.Nc3 Qc8 9.h3 d6
10.Be3 e6 11.Rc1 Rd8 12.Qd2 Nbd7 13.Bg5 Ne5 14.Ne1 Rd7 15.f4 Nc6 16.f5 Ne8
17.fxe6 fxe6 18.Bh6 Ne5 19.Nf3 Nf7 20.Bxg7 Nxg7 21.Rf2 a6 22.Rcf1 Qc7 23.g4 Re8
24.Qf4 e5 25.Qg3 Ne6 26.g5 Nf4 27.Nh2 Nh5 28.Qh4 Qd8 29.Ng4 Qxg5 30.Rxf7 Qxh4
31.Nh6+ Kh8 32.Rxd7 Re7 33.Rxd6 Nf4 34.Rxf4 exf4 35.Ng4 f3 36.Bxf3 Qg3+ 37.Bg2
Qxd6

[Event "2 Bundesliga Mitte 2007/2008"]
[Site "Villach"]
[Date "2007.10.13"]
[Round "1"]
[Board "1"]
[White "Sikula, Vaszilij"]
[Black "Weiss, Christian"]
[Result "1-0"]
[WhiteElo "2550"]
[BlackElo "2460"]
[PlyCount "127"]
[EventDate "2007.10.13"]
[EventType "team"]
[EventRounds "11"]
[EventCountry "AUT"]
[WhiteTeam "SV ASVOe Raika St Veit/Glan"]
[BlackTeam "SC Ansfelden 2"]

1.e4 c5 2.Nf3 e6 3.d4 cxd4 4.Nxd4 a6 5.c4 Nf6 6.Nc3 Qc7 7.a3 b6 8.Be3 Bb7 9.f3
d6 10.Be2 Be7 11.O-O O-O 12.Rc1 Nbd7 13.Qd2 Rac8 14.Rfd1 Qb8 15.b4 Rfe8 16.Kh1
Bd8 17.Nb3 Bc7 18.Bf4 Ne5 19.Bxe5 dxe5 20.c5 Red8 21.Qe3 bxc5 22.Nxc5 Qa7 23.Qg1
Ra8 24.b5 Bb6 25.N3a4 axb5 26.Nxb6 Qxb6 27.Rxd8+ Rxd8 28.Nxb7 Qxb7 29.Qc5 Rb8
30.Qxb5 Qxb5 31.Bxb5 Kf8 32.a4 Ne8 33.Ra1 Nd6 34.Bf1 f5 35.a5 Ke7 36.a6 Ra8
37.Bd3 Ra7 38.Kg1 Nb7 39.Rc1 Nd6 40.Kf2 g6 41.Ke3 Ne8 42.Rb1 Nd6 43.Kd2 Rc7
44.Rb8 Kd7 45.Rh8 Kc6 46.Kc3 Kc5 47.Rb8 Rd7 48.Rb4 Rd8 49.g3 Kc6 50.Kb3 Nc8
51.Bc4 Nb6 52.Bxe6 fxe4 53.fxe4 Rd3+ 54.Kb2 Kc5 55.Rb3 Rd2+ 56.Kc3 Rd6 57.a7
Na4+ 58.Kc2 Ra6 59.Rb7 Nb6 60.Rxh7 Kd6 61.Rb7 Kc6 62.Rg7 Kc5 63.Bb3 Kb5 64.Bd5

[Event "2 Bundesliga Mitte 2007/2008"]
[Site "Villach"]
[Date "2007.10.13"]
[Round "1"]
[Board "2"]
[White "Haba, Petr"]
[Black "Neubauer, Martin"]
[Result "1-0"]
[WhiteElo "2525"]
[BlackElo "2453"]
[PlyCount "83"]
[EventDate "2007.10.13"]
[EventType "team"]
[EventRounds "11"]
[EventCountry "AUT"]
[WhiteTeam "SC Ansfelden 2"]
[BlackTeam "SV ASVOe Raika St Veit/Glan"]

1.e4 e5 2.Nf3 Nc6 3.Bb5 Nf6 4.O-O Nxe4 5.d4 Nd6 6.Bxc6 dxc6 7.dxe5 Nf5 8.Qxd8+
Kxd8 9.Nc3 Ke8 10.h3 Be7 11.Bg5 Bxg5 12.Nxg5 h6 13.Nf3 h5 14.Rad1 Ke7 15.Ne2 g6
16.Nf4 Ng7 17.Rd2 Rd8 18.Rfd1 Rxd2 19.Rxd2 a5 20.Ng5 a4 21.a3 Ra5 22.Re2 Rb5
23.c3 Ne6 24.Nfxe6 Bxe6 25.f4 Rd5 26.Nf3 Rd1+ 27.Re1 Rd3 28.Kf2 Bd5 29.Re3 Rd1
30.Re2 c5 31.g4 Rh1 32.Ng5 hxg4 33.hxg4 Rh2+ 34.Ke3 Rh4 35.Rd2 c6 36.c4 Bxc4
37.f5 Rxg4 38.f6+ Ke8 39.Ne4 Bd5 40.Nd6+ Kf8 41.Rh2 Kg8 42.Nc8

[Event "2 Bundesliga Mitte 2007/2008"]
[Site "Villach"]
[Date "2007.10.13"]
[Round "1"]
[Board "3"]
[White "Hebesberger, Thomas"]
[Black "Knoll, Hermann"]
[Result "1/2-1/2"]
[WhiteElo "2349"]
[BlackElo "2386"]
[PlyCount "37"]
[EventDate "2007.10.13"]
[EventType "team"]
[EventRounds "11"]
[EventCountry "AUT"]
[WhiteTeam "SV ASVOe Raika St Veit/Glan"]
[BlackTeam "SC Ansfelden 2"]

1.c4 Nf6 2.Nc3 e5 3.g3 d5 4.cxd5 Nxd5 5.Bg2 Nb6 6.d3 Be7 7.Be3 O-O 8.Nf3 Nc6
9.O-O f5 10.Na4 Kh8 11.Rc1 Bf6 12.Nc5 Nd5 13.Bd2 b6 14.Na4 Bb7 15.Qb3 e4 16.Ne1
Nd4 17.Qd1 exd3 18.Nxd3 Re8 19.e3

[Event "2 Bundesliga Mitte 2007/2008"]
[Site "Villach"]
[Date "2007.10.13"]
[Round "1"]
[Board "4"]
[White "Hellmayr, Alois"]
[Black "Hoelzl, Franz"]
[Result "1-0"]
[WhiteElo "2320"]
[BlackElo "2374"]
[PlyCount "80"]
[EventDate "2007.10.13"]
[EventType "team"]
[EventRounds "11"]
[EventCountry "AUT"]
[WhiteTeam "SC Ansfelden 2"]
[BlackTeam "SV ASVOe Raika St Veit/Glan"]

1.d4 g6 2.g3 Bg7 3.Bg2 c5 4.c3 Qc7 5.Nf3 Nf6 6.O-O d6 7.Re1 O-O 8.e4 e5 9.dxe5
dxe5 10.Nbd2 Nbd7 11.Qe2 b6 12.a4 Bb7 13.b3 Ne8 14.Ra2 Nd6 15.Rd1 Rad8 16.Ne1
Nf6 17.f3 Bc8 18.Nf1 Be6 19.c4 Nb7 20.Bd2 Qb8 21.Ne3 Rd6 22.Bc3 Rxd1 23.Qxd1 Bh6
24.Re2 Na5 25.Nd5 Nd7 26.Ne7+ Kh8 27.f4 Qd8 28.Nd5 Nc6 29.Rf2 Nd4 30.Nf3 f6
31.Nxd4 cxd4 32.Bd2 Nc5 33.b4 Nd3 34.Rf1 exf4 35.gxf4 Bxd5 36.cxd5 Qc7 37.e5 Nb2
38.d6 Nxd1 39.dxc7 Nc3 40.Bb7 fxe5

[Event "2 Bundesliga Mitte 2007/2008"]
[Site "Villach"]
[Date "2007.10.13"]
[Round "1"]
[Board "5"]
[White "Mazi, Leon"]
[Black "Humer, Wolfgang"]
[Result "1-0"]
[WhiteElo "2348"]
[BlackElo "2254"]
[PlyCount "111"]
[EventDate "2007.10.13"]
[EventType "team"]
[EventRounds "11"]
[EventCountry "AUT"]
[WhiteTeam "SV ASVOe Raika St Veit/Glan"]
[BlackTeam "SC Ansfelden 2"]

1.e4 c5 2.Nf3 g6 3.d4 Bg7 4.Nc3 cxd4 5.Nxd4 Nc6 6.Nde2 d6 7.g3 Be6 8.Bg2 Qd7
9.Nd5 Rc8 10.Nef4 Nf6 11.O-O h5 12.h4 O-O 13.a4 Ne5 14.c3 b6 15.Nxe6 Qxe6 16.Nf4
Qc4 17.Re1 Neg4 18.Qe2 Qxe2 19.Rxe2 Rfe8 20.Bd2 Bh6 21.Rd1 Kh7 22.Be1 Ne5 23.Nh3
Nfd7 24.f4 Nc4 25.e5 Nf8 26.Bb7 Rc7 27.Bd5 Ne6 28.exd6 Nxd6 29.Bxe6 fxe6 30.Rxe6
Nc4 31.Re2 e5 32.Bf2 e4 33.Bd4 Rce7 34.Rde1 e3 35.Kg2 Bg7 36.Ng5+ Kg8 37.Nf3 Re4
38.Rd1 Bxd4 39.Rxd4 Rxd4 40.Nxd4 Kf7 41.Nf3 Kf6 42.b3 Nd2 43.Nxd2 exd2 44.Rxd2
Re3 45.Rd6+ Kf5 46.Rc6 Rd3 47.b4 Rd2+ 48.Kf3 Rd3+ 49.Kf2 Rd2+ 50.Ke3 Rg2 51.Kf3
Rc2 52.a5 bxa5 53.bxa5 a6 54.Ke3 Rg2 55.Rc5+ Kf6 56.Rg5

[Event "2 Bundesliga Mitte 2007/2008"]
[Site "Villach"]
[Date "2007.10.13"]
[Round "1"]
[Board "6"]
[White "Mittermayr, Gerhard"]
[Black "Eichhorn, Alfred"]
[Result "1-0"]
[WhiteElo "2129"]
[BlackElo "2107"]
[PlyCount "51"]
[EventDate "2007.10.13"]
[EventType "team"]
[EventRounds "11"]
[EventCountry "AUT"]
[WhiteTeam "SC Ansfelden 2"]
[BlackTeam "SV ASVOe Raika St Veit/Glan"]

1.e4 c5 2.Nf3 d6 3.d4 cxd4 4.Nxd4 Nf6 5.Nc3 a6 6.Bg5 Nc6 7.Nxc6 bxc6 8.Bc4 Qa5
9.Qd2 e6 10.Bb3 Be7 11.O-O-O d5 12.e5 Nd7 13.Bxe7 Kxe7 14.Nxd5+ Qxd5 15.Bxd5
cxd5 16.Qg5+ Ke8 17.Qxg7 Rf8 18.Qxh7 Nxe5 19.Rhe1 Nd7 20.Qg7 Bb7 21.f4 Ke7
22.Qd4 Rfc8 23.Qb4+ Nc5 24.Re3 a5 25.Qa3 Ba6 26.Rxd5

[Event "2 Bundesliga Mitte 2007/2008"]
[Site "Villach"]
[Date "2007.10.13"]
[Round "1"]
[Board "1"]
[White "Dervishi, Erald"]
[Black "Supancic, Darko"]
[Result "1/2-1/2"]
[WhiteElo "2543"]
[BlackElo "2372"]
[PlyCount "132"]
[EventDate "2007.10.13"]
[EventType "team"]
[EventRounds "11"]
[EventCountry "AUT"]
[WhiteTeam "SK Leoben"]
[BlackTeam "Strassenbahn Graz"]

1.e4 c5 2.Nf3 Nc6 3.d4 cxd4 4.Nxd4 g6 5.Nc3 Bg7 6.Be3 Nf6 7.Bc4 Qa5 8.O-O O-O
9.Bb3 d6 10.h3 Bd7 11.Re1 Qh5 12.Qd3 a6 13.Nd5 Nxd5 14.exd5 Na5 15.c4 Nxb3
16.Qxb3 b5 17.cxb5 Bxb5 18.Nxb5 axb5 19.Rac1 Bf6 20.a3 Qh4 21.f4 Qg3 22.Re2 Rfc8
23.Rf1 Qh4 24.Qxb5 Rcb8 25.Qc6 Qh5 26.Rff2 Qf5 27.Qc4 h5 28.Rd2 Rc8 29.Qf1 Rab8
30.Bd4 Bh4 31.Rf3 Rc7 32.Bc3 Bf6 33.Bxf6 exf6 34.Qd3 Qd7 35.f5 g5 36.Qd4 Kg7
37.Re2 h4 38.b4 Rbc8 39.Rf1 Rc3 40.Re3 Rc2 41.Rb3 Qb5 42.Qd3 Qb6+ 43.Kh2 Ra2
44.Rc3 Rxc3 45.Qxc3 Qa6 46.Ra1 Rf2 47.Re1 Ra2 48.Ra1 Rf2 49.Qe3 Re2 50.Qf3 Rb2
51.Rc1 Qa7 52.Re1 Qd4 53.Rd1 Qc4 54.Qd3 Qa2 55.Qf3 Rf2 56.Qe4 Re2 57.Qg4 Qc2
58.Rf1 Qb2 59.Kh1 Re3 60.a4 Qc2 61.Qd1 Qc3 62.Qc1 Rxh3+ 63.gxh3 Qxh3+ 64.Kg1
Qg3+ 65.Kh1 Qh3+ 66.Kg1 Qg3+

[Event "2 Bundesliga Mitte 2007/2008"]
[Site "Villach"]
[Date "2007.10.13"]
[Round "1"]
[Board "2"]
[White "Pesorda, Ivan"]
[Black "Manca, Federico"]
[Result "1-0"]
[WhiteElo "2270"]
[BlackElo "2405"]
[PlyCount "89"]
[EventDate "2007.10.13"]
[EventType "team"]
[EventRounds "11"]
[EventCountry "AUT"]
[WhiteTeam "Strassenbahn Graz"]
[BlackTeam "SK Leoben"]

1.d4 Nf6 2.c4 g6 3.Nc3 Bg7 4.e4 d6 5.f4 O-O 6.Nf3 Na6 7.Bd3 e5 8.fxe5 dxe5 9.d5
Nc5 10.Bc2 a5 11.O-O Nfd7 12.Rb1 f5 13.Be3 f4 14.Bf2 g5 15.a3 b6 16.b4 Nb7
17.Ne1 Nf6 18.Kh1 Ng4 19.Bg1 Nxh2 20.Bxh2 g4 21.Ne2 g3 22.Nxg3 fxg3 23.Rxf8+
Bxf8 24.Bxg3 Qg5 25.Bh2 Bg4 26.Nf3 Bxf3 27.Qxf3 axb4 28.axb4 Bxb4 29.Rxb4 Ra1+
30.Rb1 Rxb1+ 31.Bxb1 Qc1+ 32.Bg1 Qxb1 33.Qg4+ Kf7 34.Qe6+ Kg7 35.Qxe5+ Kf7
36.Qe6+ Kg7 37.Qd7+ Kg6 38.Qg4+ Kf7 39.Kh2 Nd6 40.Qe6+ Kf8 41.Be3 Nf7 42.Qc8+
Ke7 43.Qxc7+ Kf8 44.Qc8+ Ke7 45.Qe6+

[Event "2 Bundesliga Mitte 2007/2008"]
[Site "Villach"]
[Date "2007.10.13"]
[Round "1"]
[Board "3"]
[White "Dietmayer Kraeutler, Marco"]
[Black "Krebs, Johann"]
[Result "1-0"]
[WhiteElo "2325"]
[BlackElo "2241"]
[PlyCount "79"]
[EventDate "2007.10.13"]
[EventType "team"]
[EventRounds "11"]
[EventCountry "AUT"]
[WhiteTeam "SK Leoben"]
[BlackTeam "Strassenbahn Graz"]

1.d4 c5 2.d5 Nf6 3.c4 g6 4.Nc3 d6 5.e4 Bg7 6.Bd3 O-O 7.Nf3 e5 8.dxe6 Bxe6 9.O-O
Nc6 10.Bf4 Ng4 11.Ng5 Nge5 12.Nxe6 fxe6 13.Bg3 Nd4 14.f4 Nec6 15.Rc1 Qd7 16.Qg4
Ne7 17.Rce1 a6 18.Bh4 Rae8 19.a4 Nec6 20.Re3 Nb4 21.Bb1 b5 22.axb5 axb5 23.cxb5
Nxb5 24.Rh3 Nd4 25.Bg5 Rf7 26.e5 Nf5 27.Bxf5 exf5 28.Qh4 Bh8 29.Rd1 d5 30.Nxd5
Nxd5 31.Rhd3 Qb7 32.Rxd5 Qxb2 33.Rxc5 Bg7 34.Rcd5 Ra7 35.R5d2 Qb4 36.h3 Qb3
37.Rd8 Kf7 38.Qxh7 Rxd8 39.Rxd8 Qb1+ 40.Kh2

[Event "2 Bundesliga Mitte 2007/2008"]
[Site "Villach"]
[Date "2007.10.13"]
[Round "1"]
[Board "4"]
[White "Kastner, Walter"]
[Black "Benda, Herbert"]
[Result "0-1"]
[WhiteElo "2237"]
[BlackElo "2274"]
[PlyCount "54"]
[EventDate "2007.10.13"]
[EventType "team"]
[EventRounds "11"]
[EventCountry "AUT"]
[WhiteTeam "Strassenbahn Graz"]
[BlackTeam "SK Leoben"]

1.e4 e5 2.Nf3 Nc6 3.Bb5 a6 4.Ba4 Nf6 5.d3 d6 6.c4 Be7 7.d4 exd4 8.Nxd4 Bd7 9.Nc3
Nxd4 10.Bxd7+ Qxd7 11.Qxd4 O-O 12.h3 Rfe8 13.O-O Qe6 14.Bd2 Qe5 15.Qd3 Nd7 16.f4
Nc5 17.Qe3 Qe6 18.b4 Qxc4 19.bxc5 d5 20.Qg3 Bxc5+ 21.Kh1 dxe4 22.Rfc1 e3 23.Be1
Qf1+ 24.Kh2 Bd4 25.Rab1 e2 26.Bd2 Bg1+ 27.Kh1 Bf2+

[Event "2 Bundesliga Mitte 2007/2008"]
[Site "Villach"]
[Date "2007.10.13"]
[Round "1"]
[Board "5"]
[White "Schein, Karl Heinz"]
[Black "Steiner, Stefan"]
[Result "1/2-1/2"]
[WhiteElo "2207"]
[BlackElo "2162"]
[PlyCount "61"]
[EventDate "2007.10.13"]
[EventType "team"]
[EventRounds "11"]
[EventCountry "AUT"]
[WhiteTeam "SK Leoben"]
[BlackTeam "Strassenbahn Graz"]

1.e4 Nc6 2.Nf3 Nf6 3.e5 Ng4 4.d4 d6 5.h3 Nh6 6.Bb5 a6 7.Bxc6+ bxc6 8.O-O Bf5
9.Bf4 e6 10.Qd2 Be4 11.Ng5 Bg6 12.Nf3 Nf5 13.Na3 Be7 14.Nc4 Qd7 15.exd6 Nxd6
16.Nce5 Qc8 17.Nxc6 Bf6 18.Nfe5 Qb7 19.Nxg6 hxg6 20.d5 O-O 21.Bxd6 cxd6 22.c4
Qxb2 23.Qxb2 Bxb2 24.Rab1 Ba3 25.Rb7 Rfe8 26.Rfb1 exd5 27.R1b3 Bc5 28.Rf3 dxc4
29.Rfxf7 c3 30.Rxg7+ Kh8 31.Rh7+

[Event "2 Bundesliga Mitte 2007/2008"]
[Site "Villach"]
[Date "2007.10.13"]
[Round "1"]
[Board "1"]
[White "Sommerbauer, Norbert"]
[Black "Schenk, Andreas"]
[Result "1/2-1/2"]
[WhiteElo "2474"]
[BlackElo "2509"]
[PlyCount "38"]
[EventDate "2007.10.13"]
[EventType "team"]
[EventRounds "11"]
[EventCountry "AUT"]
[WhiteTeam "SpG VOecklabruck"]
[BlackTeam "SK Sparkasse Fuerstenfeld"]

1.Nf3 d5 2.g3 Bg4 3.Bg2 Nd7 4.d3 c6 5.O-O Ngf6 6.Nbd2 e5 7.e4 dxe4 8.dxe4 Bc5
9.h3 Bh5 10.Qe1 O-O 11.Nc4 Re8 12.b4 Bf8 13.Bb2 Bxf3 14.Bxf3 Qc7 15.a3 Nb6
16.Nxb6 Qxb6 17.c4 a5 18.Bc3 Qc7 19.Qe3 Nd7

[Event "2 Bundesliga Mitte 2007/2008"]
[Site "Villach"]
[Date "2007.10.13"]
[Round "1"]
[Board "2"]
[White "Kuba, Guenter"]
[Black "Konopka, Michal"]
[Result "1/2-1/2"]
[WhiteElo "2396"]
[BlackElo "2433"]
[PlyCount "55"]
[EventDate "2007.10.13"]
[EventType "team"]
[EventRounds "11"]
[EventCountry "AUT"]
[WhiteTeam "SK Sparkasse Fuerstenfeld"]
[BlackTeam "SpG VOecklabruck"]

1.e4 Nf6 2.e5 Nd5 3.d4 d6 4.c4 Nb6 5.exd6 cxd6 6.Nc3 g6 7.Be3 Bg7 8.Rc1 O-O 9.b3
e5 10.dxe5 dxe5 11.Qxd8 Rxd8 12.c5 N6d7 13.Bc4 Nc6 14.Nf3 h6 15.Nb5 e4 16.Nd2
Nde5 17.Nxe4 Nxc4 18.Rxc4 Ne5 19.Rc2 Bd7 20.Ned6 Nd3+ 21.Ke2 Nb4 22.Rd2 Bc6
23.a3 Nd5 24.Rg1 a6 25.Nd4 Nc3+ 26.Kd3 Bxd4 27.Bxd4 Nb5 28.Nxb5

[Event "2 Bundesliga Mitte 2007/2008"]
[Site "Villach"]
[Date "2007.10.13"]
[Round "1"]
[Board "3"]
[White "Hirneise, Tobias"]
[Black "Wach, Markus"]
[Result "1-0"]
[WhiteElo "2287"]
[BlackElo "2386"]
[PlyCount "151"]
[EventDate "2007.10.13"]
[EventType "team"]
[EventRounds "11"]
[EventCountry "AUT"]
[WhiteTeam "SpG VOecklabruck"]
[BlackTeam "SK Sparkasse Fuerstenfeld"]

1.e4 Nf6 2.e5 Nd5 3.c4 Nb6 4.d4 d6 5.exd6 cxd6 6.d5 e5 7.Nc3 Bf5 8.Bd3 Bxd3
9.Qxd3 N8d7 10.b3 Be7 11.Nge2 O-O 12.O-O Nc5 13.Qd1 Re8 14.Be3 Rc8 15.Qd2 h6
16.Ng3 Bg5 17.Nce4 Nxe4 18.Nxe4 Be7 19.f4 Nd7 20.fxe5 Nxe5 21.Bd4 Bf8 22.Qf4 Qd7
23.Qg3 Ng6 24.Nc3 Be7 25.Bxa7 Bf6 26.Rad1 Be5 27.Qd3 Nf4 28.Qf3 Bxc3 29.Qxf4 Ra8
30.Qf2 Re4 31.Qf3 Qe7 32.Qxc3 Rxa7 33.a4 Ra8 34.Rd3 f6 35.Rg3 Kh8 36.h3 Re8
37.Kh2 Re2 38.Qd3 Re4 39.Qf3 Qd8 40.Qf5 R8e5 41.Qg6 Qe7 42.Rf5 Rxf5 43.Qxf5 Re1
44.b4 Re5 45.Qf3 Re4 46.Qc3 f5 47.c5 dxc5 48.Qxc5 f4 49.Rf3 Qxc5 50.bxc5 Rxa4
51.Rd3 Ra8 52.Rb3 Ra5 53.Rc3 Kg8 54.c6 bxc6 55.dxc6 Ra8 56.c7 Rc8 57.Kg1 Kf7
58.Kf2 Ke6 59.Kf3 Ke5 60.Kg4 Kd4 61.Rc1 Ke5 62.Kh5 Kf6 63.Rc6+ Kf5 64.Rc5+ Kf6
65.Kg4 Ke6 66.Kxf4 Kd6 67.Rc1 g6 68.Ke4 Re8+ 69.Kd4 Rc8 70.Rc2 g5 71.g4 Ke6
72.Rc6+ Kd7 73.Kd5 Ke7 74.Kc5 Kd7 75.Kb6 Rf8 76.Kb7

[Event "2 Bundesliga Mitte 2007/2008"]
[Site "Villach"]
[Date "2007.10.13"]
[Round "1"]
[Board "4"]
[White "Kilgus, Georg"]
[Black "Ennsberger, Ulrich"]
[Result "1/2-1/2"]
[WhiteElo "2354"]
[BlackElo "2284"]
[PlyCount "37"]
[EventDate "2007.10.13"]
[EventType "team"]
[EventRounds "11"]
[EventCountry "AUT"]
[WhiteTeam "SK Sparkasse Fuerstenfeld"]
[BlackTeam "SpG VOecklabruck"]

1.Nf3 c5 2.c4 Nf6 3.Nc3 g6 4.d4 cxd4 5.Nxd4 Bg7 6.g3 O-O 7.Bg2 Nc6 8.O-O Nxd4
9.Qxd4 d6 10.Qd3 a6 11.Be3 Rb8 12.Ba7 Ra8 13.Bd4 Rb8 14.Rfd1 Be6 15.b3 Qa5 16.a4
Rfc8 17.Bf3 Nd7 18.Bxg7 Kxg7 19.Bd5

[Event "2 Bundesliga Mitte 2007/2008"]
[Site "Villach"]
[Date "2007.10.13"]
[Round "1"]
[Board "5"]
[White "Hofmair, Klaus"]
[Black "Poetz, Florian"]
[Result "1/2-1/2"]
[WhiteElo "2278"]
[BlackElo "2174"]
[PlyCount "59"]
[EventDate "2007.10.13"]
[EventType "team"]
[EventRounds "11"]
[EventCountry "AUT"]
[WhiteTeam "SpG VOecklabruck"]
[BlackTeam "SK Sparkasse Fuerstenfeld"]

1.e4 c5 2.d4 cxd4 3.c3 dxc3 4.Nxc3 Nc6 5.Nf3 e6 6.Bc4 d6 7.O-O Nge7 8.Bg5 a6
9.a4 h6 10.Bh4 g5 11.Bg3 Ng6 12.Qd2 Nce5 13.Nxe5 dxe5 14.Qxd8+ Kxd8 15.f3 Bc5+
16.Bf2 Bxf2+ 17.Rxf2 Ke7 18.b4 Bd7 19.Rc2 Rhc8 20.Bf1 Ke8 21.Rac1 Rc7 22.Kf2
Rac8 23.b5 axb5 24.axb5 Ra8 25.b6 Rc5 26.Nb5 Ra2 27.Rxa2 Rxc1 28.Nd6+ Ke7
29.Nxb7 Rb1 30.Nc5

[Event "2 Bundesliga Mitte 2007/2008"]
[Site "Villach"]
[Date "2007.10.13"]
[Round "1"]
[Board "6"]
[White "Stuetz, Leopold"]
[Black "Gneiss, Karl"]
[Result "1/2-1/2"]
[WhiteElo "2195"]
[BlackElo "2119"]
[PlyCount "51"]
[EventDate "2007.10.13"]
[EventType "team"]
[EventRounds "11"]
[EventCountry "AUT"]
[WhiteTeam "SK Sparkasse Fuerstenfeld"]
[BlackTeam "SpG VOecklabruck"]

1.d4 d5 2.c4 c6 3.Nc3 Nf6 4.cxd5 cxd5 5.Nf3 Nc6 6.a3 g6 7.h3 Bg7 8.Bf4 O-O 9.e3
a6 10.Rc1 Bf5 11.Nd2 h6 12.g4 Be6 13.b4 b5 14.Bg2 Bc8 15.Qb3 Bb7 16.a4 a5
17.bxa5 Nxa5 18.Qb4 bxa4 19.Nxa4 Bc6 20.Nc5 e6 21.O-O Qe7 22.Rb1 Rfc8 23.Rfc1
Be8 24.Ra1 Nc6 25.Rxa8 Rxa8 26.Qb6

[Event "2 Bundesliga Mitte 2007/2008"]
[Site "Villach"]
[Date "2007.10.13"]
[Round "1"]
[Board "1"]
[White "Diermair, Andreas"]
[Black "Srienz, Christian"]
[Result "1-0"]
[WhiteElo "2363"]
[BlackElo "2214"]
[PlyCount "81"]
[EventDate "2007.10.13"]
[EventType "team"]
[EventRounds "11"]
[EventCountry "AUT"]
[WhiteTeam "SV Frauental"]
[BlackTeam "ESV ASKOE Admira Villach"]

1.e4 c5 2.Nf3 Nc6 3.d4 cxd4 4.Nxd4 Nf6 5.Nc3 e5 6.Ndb5 d6 7.Bg5 a6 8.Na3 b5
9.Nd5 Be7 10.Bxf6 Bxf6 11.c3 O-O 12.Nc2 Bg5 13.a4 bxa4 14.Rxa4 a5 15.Bc4 Rb8
16.b3 Kh8 17.Ra2 f5 18.exf5 Bxf5 19.Nce3 Be6 20.O-O Qd7 21.Qd3 Bf7 22.Rd1 Bd8
23.h3 Bg6 24.Qe2 Bh4 25.Qg4 Qxg4 26.hxg4 Bd8 27.Rad2 e4 28.Nf5 Bxf5 29.gxf5 Ne5
30.Rd4 Nxc4 31.Rxc4 Rxb3 32.Rxe4 g6 33.fxg6 hxg6 34.Re6 Rb2 35.Rxd6 Bh4 36.f3
Kg7 37.Rd7+ Kh6 38.Kh1 Ra8 39.Ne3 a4 40.R1d5 Rb1+ 41.Kh2

[Event "2 Bundesliga Mitte 2007/2008"]
[Site "Villach"]
[Date "2007.10.13"]
[Round "1"]
[Board "2"]
[White "Hafner, Robert"]
[Black "Cigan, Stefan"]
[Result "0-1"]
[WhiteElo "2132"]
[BlackElo "2367"]
[PlyCount "92"]
[EventDate "2007.10.13"]
[EventType "team"]
[EventRounds "11"]
[EventCountry "AUT"]
[WhiteTeam "ESV ASKOE Admira Villach"]
[BlackTeam "SV Frauental"]

1.d4 d5 2.c4 e6 3.Nc3 Be7 4.Nf3 Nf6 5.Bg5 h6 6.Bh4 O-O 7.e3 b6 8.cxd5 Nxd5
9.Bxe7 Qxe7 10.Nxd5 exd5 11.Bd3 c5 12.O-O Nd7 13.dxc5 bxc5 14.Qe2 Nf6 15.Rac1 c4
16.Bb1 Bg4 17.Rfd1 Rab8 18.h3 Bxf3 19.gxf3 Rb6 20.Bc2 Qe5 21.b3 cxb3 22.Bxb3 Rb4
23.Qd3 Qh5 24.Bxd5 Qxh3 25.f4 Nxd5 26.Qxd5 Rb6 27.f5 Qg4+ 28.Kf1 Rb2 29.Rd2 Rxd2
30.Qxd2 Qxf5 31.Rc7 Rb8 32.Qc2 Rb1+ 33.Ke2 Qb5+ 34.Kf3 Qh5+ 35.Kg2 Qg4+ 36.Kh2
Qh4+ 37.Kg2 Qh1+ 38.Kg3 Rg1+ 39.Kf4 Qh4+ 40.Ke5 Rg5+ 41.Kd6 Qb4+ 42.Kd7 Rd5+
43.Kc8 Qf8+ 44.Kb7 Rb5+ 45.Kc6 Qe8+ 46.Rd7 Rb6+

[Event "2 Bundesliga Mitte 2007/2008"]
[Site "Villach"]
[Date "2007.10.13"]
[Round "1"]
[Board "3"]
[White "Schnider, Gert"]
[Black "Frank, Paul"]
[Result "1/2-1/2"]
[WhiteElo "2273"]
[BlackElo "2201"]
[PlyCount "40"]
[EventDate "2007.10.13"]
[EventType "team"]
[EventRounds "11"]
[EventCountry "AUT"]
[WhiteTeam "SV Frauental"]
[BlackTeam "ESV ASKOE Admira Villach"]

1.d4 Nf6 2.c4 g6 3.Nc3 d5 4.Nf3 Bg7 5.Bg5 Ne4 6.cxd5 Nxg5 7.Nxg5 e6 8.Qd2 exd5
9.Qe3+ Kf8 10.Qf4 Bf6 11.h4 h6 12.Nxd5 Bxg5 13.Qe5 Rh7 14.hxg5 Nc6 15.Qe4 Bf5
16.Qf3 Qxg5 17.Qa3+ Kg8 18.e3 Rd8 19.Qc5 Bg4 20.Nc3 Qxc5